özv. Krausz Jánosné született Kramer Kunigunda [a család gyászjelentése]
Elmentve itt :
| Dokumentumtípus: | Cikk |
|---|---|
| Megjelent: |
1938-04-14
|
| Sorozat: | Délmagyarország
14 No. 83 |
| Kulcsszavak: | Krausz Jánosné Kramer Kunigunda |
| Online Access: | http://dmarchiv.bibl.u-szeged.hu/40686 |
| LEADER | 00471nab a2200145 i 4500 | ||
|---|---|---|---|
| 001 | delm40686 | ||
| 005 | 20180927130026.0 | ||
| 008 | 180927s1938 hu o 0|| hun d | ||
| 040 | |a SZTE Délmagyarország Archívum |b hun | ||
| 041 | |a hun | ||
| 245 | 0 | 0 | |a özv. Krausz Jánosné született Kramer Kunigunda |h [elektronikus dokumentum] : |b [a család gyászjelentése] |
| 260 | |c 1938-04-14 | ||
| 300 | |a 6 | ||
| 490 | 0 | |a Délmagyarország |v 14 No. 83 | |
| 695 | |a Krausz Jánosné Kramer Kunigunda | ||